LIBRARY & INFORMATION CENTRE, KCAET, TAVANUR

ONLINE PUBLIC ACCESS CATALOGUE (OPAC)

Performance analysis of wet land paddy weeders (Record no. 14959)

MARC details
000 -LEADER
fixed length control field 00537nam a22001697a 4500
003 - CONTROL NUMBER IDENTIFIER
control field OSt
088 ## - REPORT NUMBER
Report number P 140
100 ## - MAIN ENTRY--AUTHOR NAME
Personal name REMYA N
-- RENJI R
-- ROOPESH M.S
245 ## - TITLE STATEMENT
Title Performance analysis of wet land paddy weeders
260 ## - PUBLICATION, DISTRIBUTION, ETC. (IMPRINT)
Place of publication Tavanur 2004
Name of publisher Kelappaji College of Agricultural Engineering and Technology
300 ## - PHYSICAL DESCRIPTION
Number of Pages 99
500 ## - GENERAL NOTE
General note Performance analysis of wet land paddy weeders
520 ## - SUMMARY, ETC.
Summary, etc Performance analysis of wet land paddy weeders
700 ## - ADDED ENTRY--PERSONAL NAME
Personal name Er. Preman P.S (Guide)
942 ## - ADDED ENTRY ELEMENTS (KOHA)
Koha item type Project Report
Holdings
Collection code Home library Current library Shelving location Full call number Accession Number Koha item type
Reference KAUAET KAUAET Reference 631.3 REM/PE P 140 Project Report
free website counter